000 00221nam a2200097Ia 4500
008 190216s9999||||xx |||||||||||||| ||und||
100 _aAbdul Hasan Ali Nadiri
245 0 _aAl-Qiraathul Rasheeda
260 _bNull
942 _cBK
999 _c113
_d113